Warszawa czy Kraków? - Statystyki

Ogólne statystyki
  • Ten quiz został rozwiązany 6 452 razy
  • Średni wynik to 15 z 20
Statystyki odpowiedzi
Zagadnienie Odpowiedź % Poprawnych
Posiada największy stadion w Polsce Warszawa
98%
Posiada najwyższy budynek w Unii Europejskiej Warszawa
96%
Jest Stolicą Polski Warszawa
95%
Połozony jest w niej Wawel Kraków
94%
Ma na herbie syrenkę Warszawa
94%
Ma większą powierzchnię Warszawa
93%
Ma największe lotnisko w Polsce Warszawa
93%
Był stolicą Polski w Średniowiczu Kraków
89%
W czasie zaborów 1815-1918 był w zaborze austriackim Kraków
88%
Przepływa przez nią Wisła Oba Miasta
86%
Ma klub grającą w I Lidze w sezonie 2024/25 Oba Miasta
80%
Jest położone wyżej nad poziomem morze Kraków
79%
Ma klub grający w Ekstraklasie Oba Miasta
79%
Był częścią Wolnego Miasta istniejącego w latach 1815-1846 Kraków
73%
Ma więcej niż Milion mieszkańców Warszawa
73%
Biegnie przez nią Autostrada Kraków
59%
Był gospodarzem jednej z edycji Igrzysk Europejskich Kraków
57%
Ma chłodniejszą średnią temperaturę Kraków
57%
Jego Stare Miasto została wpisane na listę UNESCO Oba Miasta
39%
Jet miastem partnerskim z Wilnem Oba Miasta
11%
Nie znaleziono quizów pasujących do podanych kryteriów
Rozkład punktacji
Procent ludzi z każdym wynikiem
Percentyl według liczby udzielonych odpowiedzi
Twoja historia wyników
Nie rozwiązałeś tego quizu